000 00376nam a22001577a 4500
003 MACL
005 20151118134207.0
008 151118b xxu||||| |||| 00| 0 eng d
040 _cMACL
041 _aEnglish
082 _a323
100 _aGhosh,Anjana
_917433
245 _aRole of Women Councillors In Urban Local Bodies
650 _aHuman Right
_9907
942 _2ddc
_cBK
999 _c50659
_d50659